Física cuántica /
Guardado en:
| Autor Principal: | |
|---|---|
| Autor Corporativo: | |
| Otros Autores: | |
| Formato: | Libro |
| Idioma: | Spanish |
| Publicado: |
Washington :
Programa Regional de Desarrollo Científico y Tecnológico, Departamento de Asuntos Científicos, Secretaría General de la Organización de los Estados Americanos,
1971.
|
| Series: | Serie de física, monografía ;
no. 8 |
| Materias: | |
| Etiquetas: |
Agregar Etiqueta
Sin Etiquetas, Sea el primero en etiquetar este registro!
|
| LEADER | 00891cam a22002171a 4500 | ||
|---|---|---|---|
| 001 | MAT.inmabb006326 | ||
| 008 | 771014s1971####dcua##########000#0#spa## | ||
| 005 | 20100510144829.0 | ||
| 245 | 1 | 0 | |a Física cuántica / |c por Onofre Rojo Asenjo y Harold V. McIntosh. |
| 260 | |a Washington : |b Programa Regional de Desarrollo Científico y Tecnológico, Departamento de Asuntos Científicos, Secretaría General de la Organización de los Estados Americanos, |c 1971. | ||
| 300 | |a v, 52 p. : |b il. ; |c 23 cm. | ||
| 440 | 0 | |a Serie de física, monografía ; |v no. 8 | |
| 510 | 4 | |a MR, |c *REVIEW #* | |
| 100 | 1 | |a Rojo Asenjo, Onofre. | |
| 700 | 1 | |a McIntosh, Harold Varner, |d 1929- |e joint author | |
| 710 | 2 | |a Regional Scientific and Technological Development Program. | |
| 650 | 0 | |a Quantum theory | |
| 084 | |a *CODIGO* |2 MR | ||
| 010 | |a 71030297 | ||
| 040 | |a DLC |c ScU |d DLC | ||
| 859 | |i FI-8 |p OEA-Fi-8 |b BIB. MATEMATICA | ||
